Encyclopedia of English Literature: origin and Development, (Volume-V) (Record no. 43055)

MARC details
000 -LEADER
fixed length control field 00529nam a2200193Ia 4500
008 - FIXED-LENGTH DATA ELEMENTS--GENERAL INFORMATION
fixed length control field 220531s9999 xx 000 0 und d
041 ## - LANGUAGE CODE
Language code of text/sound track or separate title eng
082 ## - DEWEY DECIMAL CLASSIFICATION NUMBER
Classification number -
Item number ENC / BHA
100 ## - MAIN ENTRY--PERSONAL NAME
Personal name Bhanu, A.
9 (RLIN) 77622
245 ## - TITLE STATEMENT
Title Encyclopedia of English Literature: origin and Development, (Volume-V)
250 ## - EDITION STATEMENT
Edition statement 1ST
260 ## - PUBLICATION, DISTRIBUTION, ETC. (IMPRINT)
Place of publication, distribution, etc. New Delhi
Name of publisher, distributor, etc. ALP Books
Date of publication, distribution, etc. 2012
300 ## - PHYSICAL DESCRIPTION
Extent 1512
542 ## - INFORMATION RELATING TO COPYRIGHT STATUS
Copyright holder 03-07-2017
551 ## -
-- English
-- Non-grant-ENG
650 ## - SUBJECT ADDED ENTRY--TOPICAL TERM
Topical term or geographic name as entry element Encyclopedia
9 (RLIN) 77623
906 ## - LOCAL DATA ELEMENT F, LDF (RLIN)
d 2017-2018
f 11065
Holdings
Withdrawn status Lost status Source of classification or shelving scheme Damaged status Not for loan Collection code Home library Current library Date acquired Vendor Cost, normal purchase price Total Checkouts Total Holds Full call number Barcode Date last seen Cost, replacement price Bill Date Koha item type Original Barcode
    Dewey Decimal Classification       Shri Siddhivinayak Mahila Mahavidyalaya Shri Siddhivinayak Mahila Mahavidyalaya 28/08/2017 Sagar 1300.00   1 -/ENC/BHA/B/21663 SSMM-BK-21663 06/08/2022 1300.00 06/08/2022 Books 010021663